Detalles MARC
| 000 -LIDER |
| fixed length control field |
00820nam a22002777a 4500 |
| 001 - NÚMERO DE CONTROL |
| Identificador de número de control |
34007 |
| 003 - IDENTIFICACDOR DE NÚMERO DE CONTROL |
| control field |
DO-SdBNP |
| 005 - DATE AND TIME OF LATEST TRANSACTION |
| control field |
20171208135717.0 |
| 007 - CAMPOS FIJOS DE DESCRIPCIÓN FÍSICA |
| fixed length control field |
34007 |
| 008 - ELEMENTOS DE LONGITUD FIJA |
| fixed length control field |
000531s1999 sp | ||| ||spa |
| 016 7# - NO. DE CONTROL DE LA AGENCIA BIB. NACIONAL |
| Source |
BPMSU |
| 020 ## - ISBN |
| International Standard Book Number |
8481302163 |
| 040 ## - FUENTE DE CATALOGACIÓN |
| Agencia que crea de manera original el registro |
BPMSU |
| Idioma de catalogación |
spa |
| Agencia que realiza la transcripción |
BPMSU |
| 100 1# - ASIENTO PRINCIPAL -- NOMBRE PERSONAL |
| Nombre personal |
Fuentes, Carlos |
| Fechas asociadas con el nombre |
1928-2012 |
| 245 10 - MENCIÓN DE TITULO |
| Título |
Gringo viejo / |
| Mención de responsabilidad |
Carlos Fuentes ; prólogo de Antonio Hernández |
| 260 ## - PUBLICACIÓN, DISTRIBUCIÓN, ETC. (PIE DE IMPRENTA) |
| Lugar de publicación, distribución, etc |
Madrid : |
| Nombre del editor, distribuidor, etc. |
Milenium |
| Fecha de publicación, distribución, etc |
1999 |
| 300 ## - DESCRIPCIÓN FÍSICA |
| Extensión |
156 p. : |
| Dimensiones |
22 cm |
| 490 ## - MENCIÓN DE SERIES |
| Mención de serie |
Millenium.Las 100 joyas del milenio |
| Volume/sequential designation |
97 |
| 490 ## - MENCIÓN DE SERIES |
| Mención de serie |
Biblioteca El mundo |
| 700 ## - ASIENTO SECUNDARIO -- NOMBRE PERSONAL |
| Nombre personal |
Hernández, Antonio |
| Mención de responsabilidad |
pról. |
| 830 ## - ASIENTO SECUNDARIO DE SERIE--TÍTULO UNIFORME |
| Nombre de la parte o sección de una obra |
Millenium.Las 100 joyas del milenio |
| Volume number/sequential designation |
97 |
| 856 ## - UBICACIÓN ELECTRÓNICA Y ACCESO |
| Identificador Uniforme del Recurso (“URI”) |
10 |
| Texto del vínculo |
20151105 |
| 942 ## - ADDED ENTRY ELEMENTS (KOHA) |
| Source of classification or shelving scheme |
Dewey Decimal Classification |
| Koha item type |
Libros |
| 945 ## - INFORMACIÓN DE PROCESAMIENTO LOCAL |
| Información de procesamiento local |
Inventariado extranjero / 2017 YL |
| 956 ## - LOCAL ELECTRONIC LOCATION AND ACCESS (OCLC) |
| Método de acceso |
VMATEO |
| Materiales especificados |
10 |
| Enlace |
20151105 |
| Campo enlazado y núm. de secuencia |
BPMSU |
| Nombre de host |
00151 |